Statistics for Movies Set in India

Click here to take the quiz!

General Stats

  • This quiz has been taken 78 times
  • The average score is 5 of 8

Answer Stats

HintAnswer% Correct
Mowgli, BalooThe Jungle Book
92%
Jamal Malik, Who Wants to Be a Millionaire?Slumdog Millionaire
90%
Non-violent, Independence from BritishGandhi
86%
Ethan Hunt, Cobalt, Burj KhalifaMission:Impossible-Ghost Protocol
57%
IMF, Attempt nuclear attack to most densely populated area
(Storyline says to be shot in India but not actually)
Mission:Impossible- Fallout
56%
Tesseract, Chitauri Army, ScepterAvengers
39%
James Bond Series, Jewel smugglingOctopussy
32%
Lao Che, British Indian ArmyIndiana Jones and the Temple of Doom
22%

Score Distribution

Percentile by Number Answered

Percent of People with Each Score

Your Score History

You have not taken this quiz